| 000 | 02206cam a22005774i 4500 | ||
|---|---|---|---|
| 003 | PE-LiUPU | ||
| 005 | 20250731170430.0 | ||
| 008 | 150623s r 000 0 d | ||
| 020 | _a0801037875 | ||
| 035 | _a(Sirsi) i9780801037870 | ||
| 040 |
_aPE-LiUPU _bspa _cPE-LiUPU _erda |
||
| 049 | _aPRUA | ||
| 082 | 0 | 4 |
_a144. _bG34 _221 |
| 100 | 1 |
_aGeisler, Norman L., _eautor. |
|
| 245 | 1 | 0 |
_aIs man the measure? : _ban evaluation of contemporary humanism / _cNorman L. Geisler. |
| 264 | 1 |
_aGrand Rapids, Michigan : _bBaker Book House, _c1983. |
|
| 300 |
_a206 páginas ; _c21 centímetros |
||
| 336 |
_atext _2rdacontent |
||
| 337 |
_aunmediated _2rdamedia |
||
| 338 |
_avolume _2rdacarrier |
||
| 504 | _aIncluye bibliografía. | ||
| 505 | 0 | _aAn exposition of contemporary humanism: Evolutionary humanism. Behavioral humanism. Existential humanism. Pragmatic humanism. Marxist humanism. Egocentric humanism. Cultural humanism. Christian humanism. An evaluation of contemporary humanism: Secular humanism. The helpful emphases of secular humanism. The scientific inadequacies of secular humanism. The internal inconsistencies of secular humanism. The religious inadequacies of secular humanism. The philosophical insufficiency of secular humanism. The social arrogance of secular humanism. | |
| 526 | _aSEG68 | ||
| 526 | _aSEG70 | ||
| 526 | _aSEG69 | ||
| 526 | _aSEG67 | ||
| 526 | _aSEG43 | ||
| 526 | _aP144 | ||
| 526 | _aP143 | ||
| 526 | _aP131 | ||
| 526 | _aP122 | ||
| 526 | _aP120 | ||
| 526 | _aP117 | ||
| 526 | _aP112 | ||
| 526 | _aP110 | ||
| 526 | _aP106 | ||
| 526 | _aP101 | ||
| 526 | _aP80 | ||
| 526 | _aP59 | ||
| 526 | _aP54 | ||
| 526 | _aP35 | ||
| 526 | _aP33 | ||
| 526 | _aP30 | ||
| 650 | 0 | 4 |
_aHumanismo. _9573 |
| 942 |
_2ddc _cBOOK |
||
| 949 |
_a144. G34 _wDEWEY _c1 _i51226 _lCCODEBUL1 _mBUL _p12.00 _r0 _sY _tBOOK _u2015-6-24 _xTEOLOGIA _PP35 _0COMPRA _o.STAFF. Colección General |
||
| 994 |
_aC0 _bPEPRU |
||
| 596 | _a1 | ||
| 999 |
_a144. G34 _wDEWEY _c32933 _i51226 _f2021-11-9 _g5 _lCCODEBUL1 _mBUL _p12.00 _r0 _sY _tBOOK _u2015-6-24 _xTEOLOGIA _PP35 _0COMPRA _o.STAFF. Colección General _d32933 |
||
| 980 |
_81 _gALBERTO SANCHEZ Responsable de Automatización |
||